Propuesta de desarrollo de sistema de ciudades y centros poblados para el Municipio de San Pedro de Lóvago, (2014-2029), en función del desarrollo territorial
Se realiza una propuesta de sistema de centros poblados para el Municipio de San Pedro de Lóvago, (2014-2024), en función del desarrollo territorial con el fin de lograr un desarrollo equilibrado entre las distintas zonas del Municipio permitiendo a través de la formulación de lineamientos estra...
| Main Authors: | , , |
|---|---|
| Other Authors: | |
| Format: | Tesis Section = Libro |
| Language: | Undetermined Spanish |
| Published: |
Managua
UNI
2014
|
| Subjects: |
| LEADER | 01693nam a2200301Ia 4500 | ||
|---|---|---|---|
| 008 | 240830s9999 xx 000 0 und d | ||
| 040 | |a BIBLIOTECA-RUSB/ Mon 307.1 M445 | ||
| 041 | |a spa | ||
| 082 | |a Mon 307.1 M445 | ||
| 100 | 1 | |a Matus Lazo, Cindy Marianne | |
| 100 | 1 | |b Narváez Valdez, María Félix | |
| 100 | 1 | |c Pérez Villareal, José David | |
| 245 | 1 | 0 | |a Propuesta de desarrollo de sistema de ciudades y centros poblados para el Municipio de San Pedro de Lóvago, (2014-2029), en función del desarrollo territorial |
| 260 | |a Managua |b UNI |c 2014 | ||
| 300 | |a 151 p. :il. | ||
| 500 | |a Contiene: anexos e Incluye: CD. | ||
| 502 | |a Tesis (Arquitecto) - UNI, 2014. | ||
| 520 | 3 | |a Se realiza una propuesta de sistema de centros poblados para el Municipio de San Pedro de Lóvago, (2014-2024), en función del desarrollo territorial con el fin de lograr un desarrollo equilibrado entre las distintas zonas del Municipio permitiendo a través de la formulación de lineamientos estratégicos y el desarrollo urbano del Municipio, establecer un marco de referencia territorial que caracterice al Municipio dentro del contexto departamental y regional, dando lugar a la identificación de estrategias territoriales y proyectos estratégicos a nivel sectorial. | |
| 650 | 7 | |a PLANIFICACION Y DESARROLLO MUNICIPAL | |
| 650 | 7 | |b ASENTAMENTOS HUMANOS | |
| 650 | 7 | |c LINEAMIENTOS ESTRATEGICOS SECTORIALES | |
| 650 | 7 | |d DESARROLLO MUNICIPAL | |
| 650 | 7 | |e INFRAESTRUCTURA FISICA Y EQUIPAMIENTO MUNICIPAL-SAN PEDRO DE LOVAGO | |
| 650 | 7 | |f ASPECTOS FISICOS-NATURALES | |
| 700 | 1 | |a Tutor: |b Gonzales Jirón, Jorge Samuel | |
| 942 | |c BK |2 ddc | ||
| 991 | |a TESIS | ||
| 999 | |c 19881 | ||